TH-MS-Cloning of Human D (RHD) Antige n and its Expression in the Prokaryotic Expression System (Record no. 480805)
[ view plain ]
| 000 -LEADER | |
|---|---|
| fixed length control field | 00496nam a22001457a 4500 |
| 003 - CONTROL NUMBER IDENTIFIER | |
| control field | ASAB |
| 005 - DATE AND TIME OF LATEST TRANSACTION | |
| control field | 20180827062830.0 |
| 008 - FIXED-LENGTH DATA ELEMENTS--GENERAL INFORMATION | |
| fixed length control field | 180509t xxu||||| |||| 00| 0 eng d |
| 040 ## - CATALOGING SOURCE | |
| Transcribing agency | ASAB |
| 100 ## - MAIN ENTRY--PERSONAL NAME | |
| Personal name | Bushra Mumtaz-sup-Dr. Njam-us-sahar Zaidi |
| 9 (RLIN) | 3812 |
| 245 ## - TITLE STATEMENT | |
| Title | TH-MS-Cloning of Human D (RHD) Antige n and its Expression in the Prokaryotic Expression System |
| Statement of responsibility, etc. | Bushra Mumtaz-sup-Dr. Njam-us-sahar Zaidi |
| 260 ## - PUBLICATION, DISTRIBUTION, ETC. | |
| Place of publication, distribution, etc. | Islamabad |
| Name of publisher, distributor, etc. | ASAB (NVCI) |
| Date of publication, distribution, etc. | 2011 |
| 300 ## - PHYSICAL DESCRIPTION | |
| Extent | xviii, 95 P |
| 942 ## - ADDED ENTRY ELEMENTS (KOHA) | |
| Source of classification or shelving scheme | |
| Koha item type | |
| Withdrawn status | Lost status | Source of classification or shelving scheme | Damaged status | Not for loan | Collection code | Permanent Location | Current Location | Date acquired | Total Checkouts | Full call number | Barcode | Date last seen | Price effective from | Koha item type |
|---|---|---|---|---|---|---|---|---|---|---|---|---|---|---|
| Atta-ur-Rahman School of Applied Biosciences (ASAB) | Atta-ur-Rahman School of Applied Biosciences (ASAB) | 05/09/2018 | Thesis 2011 BM | ASABMS-5-11 | 05/11/2018 | 05/09/2018 |
